00477nam a2200157Ia 4500008004100000020001800041082001600059100003300075245004400108250000800152260004200160300002700202500001900229600002100248650005000269240925s9999 xx 000 0 und d a9788131711729 a005.133 ECK aEckel, Bruce; Allison Chuck 0aThinking in C++: practical programming  a1st aNew Delhi:bPearson Educationc,2004. axxi,666p.b1fOriginal aIncludes Index aComputer Science aComputer science, information & general works